000 00495nam a2200169 4500
001 136290
003 ES-MaACL
005 20250925063041.0
007 t|
008 070214s1935 sp r ||||1| spa d
100 1 _aRumeu de Armas, Antonio,
_d1912-2006
_9100991
245 1 3 _aEl duque de Rivas, pintor /
_cAntonio Rumeu de Armas.
260 _aMadrid :
_b[s. n.],
_c1935.
300 _a8 p., 2 lám. ;
_c30 cm.
852 _aES-MaACL
_j1848-F-15
_bR.21301
999 _c136290
_d136290